000 01678namaa2200325 cb4500
001 BV005305351
003 DE-70
005 20260119171054.0
007 tu
007 7
008 920527s1980 a||| |||| 00||| und d
020 _a9783031894510
_9978-3-031-89451-0
024 _a9783031894510
_a978-3-031-89451-0
040 _cRU-10907106
041 _aeng
100 _aGataulina, Iuliia
_4aut
_968257
245 _aNeoliberal Authoritarianism
_bAn Ethnography of Russian Universities
264 _aCham
_bSpringer International Publishing; Palgrave Macmillan
_c2025
300 _a279 Seiten
336 _2rdacontent
_btxt
_aText
337 _2rdamedia
_bbc
_aComputermedien
338 _2rdacarrier
_bcr
_aOnline Ressource
490 _aPolitical Science and International Studies
500 _aE-Book / Open Access
506 _afrei zugänglich / Bitte beachten Sie die Lizenzbestimmungen im Dokument
520 _a Chapter 1. Introduction.- Chapter 2. University in crisis: Neoliberalization.- Chapter 3. De/re/composing neoliberalization and authoritarianism: Assemblages and ethnography. Chapter 4. Neoliberal competition and neo-imperial aspirations: University status.- Chapter 5. Eurocentricity and Russian search for sovereignty: The Bologna Process.- Chapter 6. Accelerating speed: Optimized academic labor.- Chapter 7. Academic efficiency and authoritarian governance in contamination: Performance-based pay.-Chapter 8. Life in the ruins: Alternative academic projects.- Chapter 9. De/re/composing: Conclusions.
655 _aOpen Access
856 _zfrei zugänglich
_uhttps://link.springer.com/book/10.1007/978-3-031-89451-0
942 _cEB
_2z
999 _c73612
_d73612